18 Years Solved Questions Papers UPSC General Studies/ (Record no. 215163)

MARC details
000 -LEADER
fixed length control field 00569nam a22001697a 4500
005 - DATE AND TIME OF LATEST TRANSACTION
control field 20260301143722.0
010 ## - LCCN (DPL NO)
LC control number BACEN26
020 ## - INTERNATIONAL STANDARD BOOK NUMBER
International Standard Book Number 9789391395704
Terms of availability 695.00
037 ## - SOURCE OF ACQUISITION
Source of stock number/acquisition Kumar Book Agency
082 ## - DEWEY DECIMAL CLASSIFICATION NUMBER
Classification number 000
245 ## - TITLE STATEMENT
Title 18 Years Solved Questions Papers UPSC General Studies/
Statement of responsibility, etc Edited By M.V Malhotra
260 ## - PUBLICATION, DISTRIBUTION, ETC. (IMPRINT)
Place of publication, distribution, etc New Delhi
Name of publisher, distributor, etc Doaba Publications
Date of publication, distribution, etc 2025
270 ## - ADDRESS
Address Shanti Mohan House, 16 ansari Road, Daryganj
City New Delhi
Postal code 110002
Telephone number 9811192295
300 ## - PHYSICAL DESCRIPTION
Extent 493p
Dimensions 21cm(pb)
500 ## - GENERAL NOTE
General note General Studies Paper-I
942 ## - ADDED ENTRY ELEMENTS (KOHA)
Source of classification or shelving scheme Dewey Decimal Classification
Item type English Books
Call number suffix YEA
Classification part 000

No items available.


© Delhi Public Library
Hit Counter
free hit counter